President's Middle Names - Statistics

General Stats
  • This quiz has been taken 191 times
    84 since last reset
  • The average score is 19 of 28
Answer Stats
First Middle Last % Correct
John Quincy Adams
100%
Franklin Delano Roosevelt
96%
Thomas Woodrow Wilson
93%
John Fitzgerald Kennedy
91%
Stephen Grover Cleveland
91%
Hiram Ulysses Grant
91%
John Calvin Coolidge
89%
William Henry Harrison
89%
Donald John Trump
86%
Harry S. Truman
84%
Lyndon Baines Johnson
81%
Barack Hussein Obama
79%
George Herbert Walker Bush
75%
George Walker Bush
74%
Dwight David Eisenhower
72%
Joe Robinette Biden
68%
William Howard Taft
67%
Richard Milhous Nixon
67%
Bill Jefferson Clinton
56%
James Knox Polk
56%
Jimmy Earl Carter
53%
Chester Alan Arthur
49%
Ronald Wilson Reagan
49%
Rutherford Birchard Hayes
42%
Warren Gamaliel Harding
42%
Gerald Rudolph Ford
39%
James Abram Garfield
30%
Herbert Clark Hoover
25%
No matching quizzes found
Score Distribution
Percent of People with Each Score
Percentile by Number Answered
Your Score History
You have not taken this quiz since the last reset